000 00625nam a2200241Ia 4500
003 OSt
005 20221005124115.0
006 a|||||r|||| 00| 0
007 ta
008 221004b |||||||| |||| 00| 0 mal d
024 _a56782
037 _cTextual
040 _aCRL
_cCRL
_bmal
041 _2mal
_amal
082 _aO32,2N2VI,1, K0
100 _aVikraman Au.
_9593487
245 0 _aMaveliyum makkalum
260 _c1960
650 _a MALAYALAM LITERATURE
_938866
650 _aMALAYALAM FICTION
_9183428
942 _hO32,2N2VI,1, K0
_cTEXL
_2cc
999 _c1049484
_d1049484